000 00381nam a2200169Ia 4500
008 210210b1934 xxu||||| |||| 00| 0 eng d
041 _aeng
082 _a829/1263
100 _aWODEHOUSE (P G)
245 _aRight ho Jeeves
260 _aLondon
_bNot Mentioned
_c1934
650 _aRight
650 _aJeeves
650 _aho
690 _aEnglish Fiction
906 _a017873
999 _c118737
_d118737